000 00372nam a2200157Ia 4500
003 Ost
005 20260225132541.0
008 260225s9999||||xx |||||||||||||| ||und||
040 _cfsic
041 _afre
082 _a70.43
100 _aJean-Jaques Roche
_eAuteur
245 0 _athéorés des relation internationes /
245 0 _cJean-Jaques Roche
942 _cكتاب
999 _c33515
_d33515